000 00892nam a22002297c 4500
001 000030449
003 RuMoIPM
005 20260429142500.0
008 241114b1968 ru ||||| |||| 00| 0 rus d
035 _a(RuMoBEN) 002287235
040 _aRuMoBEN
_brus
_ercr
041 _arus
044 _aru
080 _a519.23
100 _aНидеккер И. Г.
245 _aВопросы повышения точности вычисления спектральной плотности случайного процесса
_cИ. Г. Нидеккер
260 _aМосква
_bВЦ АН СССР
_c1968
300 _a23, [1] с.
_bил., табл.
490 0 _aСообщения по вычислительной математике / Академия наук СССР, Вычислительный центр
_vВып. 3
504 _aБиблиогр.: с. 8, 22
942 _cBR
999 _c30449
_d30449